| 000 | 01392nas1a22002891i 4500 | ||
|---|---|---|---|
| 001 | RU\NLR\Per\571193 | ||
| 005 | 20260407194903.0 | ||
| 035 | _a(NLR Aleph) 002813986 | ||
| 090 |
_a2694577 _c2694577 |
||
| 100 | _a20081009a200 9999|||y0rusy50 ca | ||
| 101 | 0 | _arus | |
| 102 | _aRU | ||
| 110 | _azu||||||||| | ||
| 200 | 1 |
_aНовости ФИС _eинформационный бюллетень _fФедерал. автоматизир. информ. система учета и контроля ядер. материалов |
|
| 210 |
_aМосква _cЦНИИАТОМИНФОРМ _d2008 - |
||
| 305 | _aИзд. с 2002 г. | ||
| 606 |
_aЯдерные материалы _jПериодические издания _xУчет _92196776 _3RU\NLR\AUTH\661320249 |
||
| 606 |
_aЯдерные материалы _jПериодические издания _xКонтроль _92465486 _3RU\NLR\AUTH\661464687 |
||
| 686 | 1 | _aУ052.9(2)230.571.13я54 | |
| 710 | 0 | 2 |
_aФедеральная автоматизированная информационная система учета и контроля ядерных материалов _cРоссийская Федерация _3RU\NLR\AUTH\8810129210 _9755299 |
| 801 | 2 |
_aRU _bNLR _c20090303 _2rusmarc |
|
| 801 | 0 |
_aRU _bNLR _gPSBO |
|
| 801 | 1 |
_aRU _bNLR _c20081009 _2rusmarc |
|
| 852 |
_aNLR _jП23/7409 |
||
| 942 | _cSE | ||
| 980 | _aRUSPER | ||